00546nam a2200193Ia 4500008004100000020001800041082000800059100001900067245003000086250000600116260001900122300001500141500002400156650001200180700004600192942000700238952009000245999001700335230524s9999 xx 000 0 und d a9780070668775 bVEN aK.R.Venugopal  0aFile Structures Using C++ a1 aNew DelhibTMH a"IX,393p:" aQuantity Number: 1 aComp-Sc a"K.G.Srinivasa , P.M Krishnaraj "942685 cBK 00104070aTATCLbTATCLcGENd2023-05-24l0o VENp54037r2023-05-24w2023-05-24yBK c57675d57675